| 000 | 00453nam a2200169 a 4500 | ||
|---|---|---|---|
| 005 | 20140412111322.0 | ||
| 008 | 010308s19uu xx 00 eng d | ||
| 020 | _a1-85830-111-4 | ||
| 050 |
_aER _bJa12 1994 |
||
| 245 | _aJack and the beanstalk. | ||
| 260 |
_aLondon : _bGrandreams Limited, _c1994. |
||
| 300 | _a1 v. (unp.) ; ill. | ||
| 440 | _aA Twin Tales Storybook | ||
| 650 | _aFolklore | ||
| 650 | _aBean stories -- Fiction | ||
| 999 |
_c104414 _d104414 |
||